Piggy Chapter 9: City quiz - Statistics

General Stats
  • This quiz has been taken 55 times
  • The average score is 8 of 15
Answer Stats
Hint Answer % Correct
The bot Elly
98%
Has fencing foil Zizzy
98%
The slower bot Grandmother
90%
Smashes plank off Pony
85%
What to give to above Carrot
78%
What to give to 2 qa Grass
68%
Where in is above Yellow Safe
63%
What was under purple car Mrs. P pic
50%
First map to use Fire extinguisher
45%
Also first map to use Dynamite
43%
The hardest thing to get Keycode
28%
Whos shadow was that Georgie
25%
Where is the purple safe Green room
23%
What did 4 qa used to be TSP member
13%
First map to have No White Key
5%
No matching quizzes found
Score Distribution
Percent of People with Each Score
Percentile by Number Answered
Your Score History
You have not taken this quiz